| 000 | 00699 a2200253 4500 | ||
|---|---|---|---|
| 001 | 24319 | ||
| 003 | TR-AnTOB | ||
| 005 | 20240902115918.0 | ||
| 008 | 050819s1999 tu 00010 tur | ||
| 020 | _a975802731X | ||
| 040 |
_aTR-AnTOB _cTR-AnTOB |
||
| 041 | _atur | ||
| 050 | 0 |
_aHG5706.5.A3 _bS67 1999 |
|
| 090 | _aHG5706.5.A3 S67 1999 | ||
| 245 | 0 |
_aSorularla borsa ve sermaye piyasası / _bIMKB |
|
| 264 | 1 |
_aİstanbul : _bIMKB, _c1999. |
|
| 300 |
_a64 s. ; _c22 cm. |
||
| 650 | 0 |
_aMenkul değerler borsası _zTürkiye _2etuturkob _984154 |
|
| 650 | 0 |
_aSermaye piyasası _zTürkiye _917859 |
|
| 710 | 2 |
_aİstanbul Menkul Kıymetler Borsası _910100 |
|
| 902 | _a0011481 | ||
| 942 |
_cBK _2lcc |
||
| 999 |
_c24319 _d10845 |
||